<?xml version="1.0" encoding="UTF-8"?>
<record
    xmlns:xsi="http://www.w3.org/2001/XMLSchema-instance"
    xsi:schemaLocation="http://www.loc.gov/MARC21/slim http://www.loc.gov/standards/marcxml/schema/MARC21slim.xsd"
    xmlns="http://www.loc.gov/MARC21/slim">

  <leader>00977nam a22001817a 4500</leader>
  <controlfield tag="008">120625t        xxu||||| |||| 00| 0 eng d</controlfield>
  <datafield tag="020" ind1=" " ind2=" ">
    <subfield code="a">9988028377</subfield>
  </datafield>
  <datafield tag="050" ind1=" " ind2=" ">
    <subfield code="a">PS507.A9</subfield>
  </datafield>
  <datafield tag="100" ind1=" " ind2=" ">
    <subfield code="a">Agyekum, Kofi  </subfield>
  </datafield>
  <datafield tag="245" ind1=" " ind2=" ">
    <subfield code="a">Introduction to literature. /</subfield>
    <subfield code="c"> Kofi Agyekum</subfield>
  </datafield>
  <datafield tag="250" ind1=" " ind2=" ">
    <subfield code="a">2nd ed.</subfield>
  </datafield>
  <datafield tag="260" ind1=" " ind2=" ">
    <subfield code="a">Accra:</subfield>
    <subfield code="b">Media design,</subfield>
    <subfield code="c">2007.</subfield>
  </datafield>
  <datafield tag="300" ind1=" " ind2=" ">
    <subfield code="a">xii,162 p.:</subfield>
    <subfield code="b">ill.;</subfield>
    <subfield code="c">22 cm.</subfield>
  </datafield>
  <datafield tag="500" ind1=" " ind2=" ">
    <subfield code="a">Includes bibliography and glossary of terms</subfield>
  </datafield>
  <datafield tag="505" ind1=" " ind2=" ">
    <subfield code="a">Contents: Introduction: Literature: Definition and characteristics of literature -- The Interdependency literature -- The Interdependency literature and society -- Oral literature -- The Oral artist, writer and context -- Style -- Stylistic qualities in oral literature --  Parallelism -- Fiction -- Drama -- Poetry -- Forms of literacy works -- Literary work -- Literary devices or figures of speech -- Types of literary movements and literary criticisms -- Glossary of literary terms.</subfield>
  </datafield>
  <datafield tag="650" ind1=" " ind2=" ">
    <subfield code="a">Literature</subfield>
  </datafield>
  <datafield tag="942" ind1=" " ind2=" ">
    <subfield code="2">lcc</subfield>
    <subfield code="c">BK</subfield>
  </datafield>
  <datafield tag="999" ind1=" " ind2=" ">
    <subfield code="c">1553</subfield>
    <subfield code="d">9053</subfield>
  </datafield>
  <datafield tag="952" ind1=" " ind2=" ">
    <subfield code="0">0</subfield>
    <subfield code="1">0</subfield>
    <subfield code="2">lcc</subfield>
    <subfield code="4">0</subfield>
    <subfield code="7">0</subfield>
    <subfield code="a">WIUC-1</subfield>
    <subfield code="b">WIUC-1</subfield>
    <subfield code="c">GEN</subfield>
    <subfield code="d">2012-06-25</subfield>
    <subfield code="l">0</subfield>
    <subfield code="o">PS507.A9</subfield>
    <subfield code="p">4220/12</subfield>
    <subfield code="r">2012-06-25 00:00:00</subfield>
    <subfield code="t">1</subfield>
    <subfield code="w">2012-06-25</subfield>
    <subfield code="y">BK</subfield>
  </datafield>
  <datafield tag="952" ind1=" " ind2=" ">
    <subfield code="0">0</subfield>
    <subfield code="1">0</subfield>
    <subfield code="2">lcc</subfield>
    <subfield code="4">0</subfield>
    <subfield code="7">0</subfield>
    <subfield code="a">WIUC-1</subfield>
    <subfield code="b">WIUC-1</subfield>
    <subfield code="c">GEN</subfield>
    <subfield code="d">2012-06-25</subfield>
    <subfield code="l">0</subfield>
    <subfield code="o">PS507.A91</subfield>
    <subfield code="p">4221/12</subfield>
    <subfield code="r">2012-06-25 00:00:00</subfield>
    <subfield code="t">2</subfield>
    <subfield code="w">2012-06-25</subfield>
    <subfield code="y">BK</subfield>
  </datafield>
  <datafield tag="952" ind1=" " ind2=" ">
    <subfield code="0">0</subfield>
    <subfield code="1">0</subfield>
    <subfield code="2">lcc</subfield>
    <subfield code="4">0</subfield>
    <subfield code="7">0</subfield>
    <subfield code="a">WIUC-1</subfield>
    <subfield code="b">WIUC-1</subfield>
    <subfield code="c">GEN</subfield>
    <subfield code="d">2012-06-25</subfield>
    <subfield code="l">0</subfield>
    <subfield code="o">PS507.A92</subfield>
    <subfield code="p">4222/12</subfield>
    <subfield code="r">2012-06-25 00:00:00</subfield>
    <subfield code="t">3</subfield>
    <subfield code="w">2012-06-25</subfield>
    <subfield code="y">BK</subfield>
  </datafield>
  <datafield tag="952" ind1=" " ind2=" ">
    <subfield code="0">0</subfield>
    <subfield code="1">0</subfield>
    <subfield code="2">lcc</subfield>
    <subfield code="4">0</subfield>
    <subfield code="7">0</subfield>
    <subfield code="a">WIUC-1</subfield>
    <subfield code="b">WIUC-1</subfield>
    <subfield code="c">GEN</subfield>
    <subfield code="d">2012-06-25</subfield>
    <subfield code="l">0</subfield>
    <subfield code="o">PS507.A94</subfield>
    <subfield code="p">4223/12</subfield>
    <subfield code="r">2012-06-25 00:00:00</subfield>
    <subfield code="t">4</subfield>
    <subfield code="w">2012-06-25</subfield>
    <subfield code="y">BK</subfield>
  </datafield>
  <datafield tag="952" ind1=" " ind2=" ">
    <subfield code="0">0</subfield>
    <subfield code="1">0</subfield>
    <subfield code="2">lcc</subfield>
    <subfield code="4">0</subfield>
    <subfield code="7">0</subfield>
    <subfield code="a">WIUC-1</subfield>
    <subfield code="b">WIUC-1</subfield>
    <subfield code="c">REF</subfield>
    <subfield code="d">2012-11-23</subfield>
    <subfield code="l">0</subfield>
    <subfield code="o">PS507.A93</subfield>
    <subfield code="p">6503/12</subfield>
    <subfield code="r">2012-11-23 00:00:00</subfield>
    <subfield code="t">5</subfield>
    <subfield code="w">2012-11-23</subfield>
    <subfield code="y">BK</subfield>
  </datafield>
</record>
